Proposed Amendment to the Articles of Agreement on the Reform of the IMF Executive Board and Fourteenth General Review of Quotas : Status of Acceptances and Consents.

This paper updates the status of consents to the proposed quota increases under the 14th General Review of Quotas and of acceptances of the Proposed Seventh Amendment on the Reform of the Executive Board ('Board Reform Amendment') as set out in the Board of Governors Resolution No. 66-2.

Библиографические подробности
Соавтор: International Monetary Fund
Формат: Журнал
Язык:English
Опубликовано: Washington, D.C. : International Monetary Fund, 2011.
Серии:Policy Papers; Policy Paper ; No. 2011/100
Предметы:
Online-ссылка:Full text available on IMF
LEADER 01655cas a2200313 a 4500
001 AALejournalIMF020030
008 230101c9999 xx r poo 0 0eng d
020 |c 5.00 USD 
020 |z 9781498338080 
022 |a 2663-3493 
040 |a BD-DhAAL  |c BD-DhAAL 
110 2 |a International Monetary Fund. 
245 1 0 |a Proposed Amendment to the Articles of Agreement on the Reform of the IMF Executive Board and Fourteenth General Review of Quotas :   |b Status of Acceptances and Consents. 
264 1 |a Washington, D.C. :  |b International Monetary Fund,  |c 2011. 
300 |a 1 online resource (4 pages) 
490 1 |a Policy Papers 
500 |a <strong>Off-Campus Access:</strong> No User ID or Password Required 
500 |a <strong>On-Campus Access:</strong> No User ID or Password Required 
506 |a Electronic access restricted to authorized BRAC University faculty, staff and students 
520 3 |a This paper updates the status of consents to the proposed quota increases under the 14th General Review of Quotas and of acceptances of the Proposed Seventh Amendment on the Reform of the Executive Board ('Board Reform Amendment') as set out in the Board of Governors Resolution No. 66-2. 
538 |a Mode of access: Internet 
650 7 |a Board Of Governors Resolution No. 66-2  |2 imf 
650 7 |a Governance Reform  |2 imf 
650 7 |a PP  |2 imf 
650 7 |a Quota Increase  |2 imf 
650 7 |a Quota Reform Package  |2 imf 
651 7 |a Papua New Guinea  |2 imf 
830 0 |a Policy Papers; Policy Paper ;  |v No. 2011/100 
856 4 0 |z Full text available on IMF  |u http://elibrary.imf.org/view/journals/007/2011/100/007.2011.issue-100-en.xml  |z IMF e-Library